[Event "Montcada"]
[Site "Montcada"]
[Date "2018.06.27"]
[Round "3.1"]
[White "Martinez Alcantara, Jose Eduardo"]
[Black "Satyapragyan, Swayangsu"]
[Result "1-0"]
[BlackElo "2395"]
[WhiteElo "2539"]
[LiveChessVersion "1.4.8"]

1. e4 {[%clk 1:23:23]} e5 {[%clk 1:30:31]} 2. Nf3 {[%clk 1:23:49]} Nc6
{[%clk 1:30:56]} 3. Bb5 {[%clk 1:24:14]} a6 {[%clk 1:31:22]} 4. Ba4
{[%clk 1:24:38]} Nf6 {[%clk 1:31:49]} 5. O-O {[%clk 1:25:00]} Be7
{[%clk 1:32:15]} 6. Re1 {[%clk 1:25:26]} b5 {[%clk 1:32:41]} 7. Bb3
{[%clk 1:25:53]} d6 {[%clk 1:32:29]} 8. c3 {[%clk 1:26:20]} O-O {[%clk 1:32:54]}
9. h3 {[%clk 1:26:49]} Bb7 {[%clk 1:32:30]} 10. d4 {[%clk 1:27:10]} Re8
{[%clk 1:31:45]} 11. Nbd2 {[%clk 1:27:34]} Bf8 {[%clk 1:32:11]} 12. a3
{[%clk 1:27:44]} Qd7 {[%clk 1:31:05]} 13. Bc2 {[%clk 1:26:26]} d5
{[%clk 1:26:53]} 14. exd5 {[%clk 1:13:51]} Qxd5 {[%clk 1:26:54]} 15. Bb3
{[%clk 1:07:59]} Qd6 {[%clk 1:20:31]} 16. Ng5 {[%clk 1:07:06]} Nd8
{[%clk 1:17:01]} 17. Nde4 {[%clk 0:55:23]} Nxe4 {[%clk 1:15:02]} 18. Nxe4
{[%clk 0:55:44]} Qg6 {[%clk 1:11:52]} 19. Qg4 {[%clk 0:52:52]} Qxg4
{[%clk 0:58:59]} 20. hxg4 {[%clk 0:53:20]} Bc6 {[%clk 0:48:29]} 21. d5
{[%clk 0:48:10]} Bd7 {[%clk 0:48:28]} 22. f3 {[%clk 0:48:36]} Nb7
{[%clk 0:46:49]} 23. Be3 {[%clk 0:48:54]} Na5 {[%clk 0:45:03]} 24. Ba2
{[%clk 0:48:49]} Nc4 {[%clk 0:44:36]} 25. Bxc4 {[%clk 0:48:14]} bxc4
{[%clk 0:45:03]} 26. Nd2 {[%clk 0:48:40]} Ba4 {[%clk 0:43:09]} 27. Nxc4
{[%clk 0:47:51]} Rad8 {[%clk 0:42:11]} 28. d6 {[%clk 0:45:19]} Bxd6
{[%clk 0:38:17]} 29. Nd2 {[%clk 0:44:15]} Bc5 {[%clk 0:31:04]} 30. Ne4
{[%clk 0:44:03]} Bb6 {[%clk 0:30:44]} 31. Rac1 {[%clk 0:37:39]} Rd3
{[%clk 0:26:53]} 32. Bxb6 {[%clk 0:31:52]} cxb6 {[%clk 0:27:19]} 33. c4
{[%clk 0:32:19]} Rb3 {[%clk 0:23:58]} 34. Re2 {[%clk 0:30:27]} Bc6
{[%clk 0:22:07]} 35. Nc3 {[%clk 0:22:34]} Rd8 {[%clk 0:20:00]} 36. Rcc2
{[%clk 0:23:00]} f6 {[%clk 0:19:15]} 37. Red2 {[%clk 0:22:27]} Rd7
{[%clk 0:13:15]} 38. Kf2 {[%clk 0:17:08]} Kf7 {[%clk 0:12:27]} 39. Na2
{[%clk 0:13:01]} Rbd3 {[%clk 0:11:25]} 40. Rxd3 {[%clk 0:13:23]} Rxd3
{[%clk 0:11:51]} 41. Nb4 {[%clk 0:13:50]} Ba4 {[%clk 0:10:22]} 42. Nxd3
{[%clk 0:13:59]} Bxc2 {[%clk 0:10:47]} 43. Nb4 {[%clk 0:14:27]} Bb3
{[%clk 0:10:58]} 44. c5 {[%clk 0:14:56]} bxc5 {[%clk 0:10:54]} 45. Nxa6
{[%clk 0:15:22]} Ke7 {[%clk 0:08:52]} 46. Nxc5 {[%clk 0:15:47]} Bc4
{[%clk 0:09:19]} 47. b3 {[%clk 0:15:14]} Bd5 {[%clk 0:09:35]} 48. Ke3
{[%clk 0:15:19]} Kd6 {[%clk 0:08:27]} 49. b4 {[%clk 0:14:34]} Bc6
{[%clk 0:08:33]} 50. a4 {[%clk 0:14:25]} Kd5 {[%clk 0:08:59]} 51. Kd3
{[%clk 0:12:29]} h6 {[%clk 0:09:23]} 52. Ne4 {[%clk 0:12:14]} 1-0

[Event "Montcada"]
[Site "Montcada"]
[Date "2018.06.27"]
[Round "3.2"]
[White "Shyam, Sundar M."]
[Black "Panelo, Marcelo"]
[Result "1/2-1/2"]
[BlackElo "2366"]
[WhiteElo "2527"]
[LiveChessVersion "1.4.8"]

1. e4 {[%clk 0:55:40]} c5 {[%clk 1:30:50]} 2. Nf3 {[%clk 0:55:52]} d6
{[%clk 1:31:11]} 3. d4 {[%clk 0:55:53]} cxd4 {[%clk 1:31:25]} 4. Nxd4
{[%clk 0:56:21]} Nf6 {[%clk 1:31:46]} 5. Nc3 {[%clk 0:56:48]} a6 {[%clk 1:32:08]}
6. Be2 {[%clk 0:57:10]} e6 {[%clk 1:29:21]} 7. Be3 {[%clk 0:57:34]} Qc7
{[%clk 1:29:20]} 8. a4 {[%clk 0:53:09]} Nc6 {[%clk 1:26:17]} 9. O-O
{[%clk 0:51:25]} Be7 {[%clk 1:26:31]} 10. f4 {[%clk 0:51:52]} O-O
{[%clk 1:26:36]} 11. Kh1 {[%clk 0:52:19]} Re8 {[%clk 1:26:17]} 12. Bf3
{[%clk 0:50:02]} Rb8 {[%clk 1:26:20]} 13. g4 {[%clk 0:49:41]} Nxd4
{[%clk 1:22:47]} 14. Bxd4 {[%clk 0:49:53]} e5 {[%clk 1:23:08]} 15. fxe5
{[%clk 0:50:07]} dxe5 {[%clk 1:23:26]} 16. Ba7 {[%clk 0:50:35]} Ra8
{[%clk 1:23:24]} 17. g5 {[%clk 0:51:01]} Rd8 {[%clk 1:21:02]} 18. Qe2
{[%clk 0:49:44]} Ne8 {[%clk 1:20:42]} 19. Be3 {[%clk 0:39:28]} Be6
{[%clk 1:20:55]} 20. Bg4 {[%clk 0:39:55]} Nd6 {[%clk 0:29:14]} 21. Bxe6
{[%clk 0:39:17]} fxe6 {[%clk 0:29:38]} 22. Qg4 {[%clk 0:39:45]} Qc4
{[%clk 0:27:40]} 23. g6 {[%clk 0:34:37]} h6 {[%clk 0:08:19]} 24. Rf3
{[%clk 0:32:20]} Rf8 {[%clk 0:08:08]} 25. Rh3 {[%clk 0:31:59]} Bg5
{[%clk 0:03:41]} 26. Rg1 {[%clk 0:27:16]} 1/2-1/2

[Event "Montcada"]
[Site "Montcada"]
[Date "2018.06.27"]
[Round "3.3"]
[White "Arjun, Kalyan"]
[Black "Oliva Castaneda, Kevel"]
[Result "1/2-1/2"]
[BlackElo "2516"]
[WhiteElo "2370"]
[LiveChessVersion "1.4.8"]

1. e4 {[%clk 1:30:56]} e5 {[%clk 1:30:52]} 2. Nf3 {[%clk 1:31:07]} Nc6
{[%clk 1:31:15]} 3. Bb5 {[%clk 1:31:20]} a6 {[%clk 1:31:37]} 4. Ba4
{[%clk 1:31:44]} Nf6 {[%clk 1:32:00]} 5. O-O {[%clk 1:31:58]} Be7
{[%clk 1:32:24]} 6. Re1 {[%clk 1:32:09]} b5 {[%clk 1:32:46]} 7. Bb3
{[%clk 1:32:33]} d6 {[%clk 1:33:11]} 8. c3 {[%clk 1:32:48]} O-O {[%clk 1:33:34]}
9. h3 {[%clk 1:33:13]} Nb8 {[%clk 1:33:58]} 10. d4 {[%clk 1:33:37]} Nbd7
{[%clk 1:34:21]} 11. Nbd2 {[%clk 1:33:57]} Bb7 {[%clk 1:34:46]} 12. Bc2
{[%clk 1:34:18]} Re8 {[%clk 1:34:59]} 13. Nf1 {[%clk 1:34:21]} Bf8
{[%clk 1:35:18]} 14. Ng3 {[%clk 1:34:45]} g6 {[%clk 1:35:29]} 15. b3
{[%clk 1:33:39]} Bg7 {[%clk 1:35:43]} 16. d5 {[%clk 1:33:36]} Rc8
{[%clk 1:35:59]} 17. c4 {[%clk 1:33:44]} c6 {[%clk 1:36:21]} 18. Bg5
{[%clk 1:33:59]} h6 {[%clk 1:36:15]} 19. Bd2 {[%clk 1:34:23]} a5 {[%clk 1:35:35]}
20. Be3 {[%clk 1:34:44]} Ba6 {[%clk 1:34:57]} 21. Qd2 {[%clk 1:29:07]} Kh7
{[%clk 1:24:06]} 22. dxc6 {[%clk 1:28:50]} Rxc6 {[%clk 1:24:25]} 23. cxb5
{[%clk 1:28:55]} Bxb5 {[%clk 1:24:47]} 24. a4 {[%clk 1:28:47]} Ba6
{[%clk 1:24:48]} 25. b4 {[%clk 1:29:01]} axb4 {[%clk 1:23:36]} 26. Bb3
{[%clk 1:29:23]} Qe7 {[%clk 1:11:31]} 27. Rec1 {[%clk 0:46:05]} Nc5
{[%clk 0:57:46]} 28. Qa2 {[%clk 0:43:06]} Nxb3 {[%clk 0:55:32]} 29. Rxc6
{[%clk 0:40:57]} Bb7 {[%clk 0:55:59]} 30. Qxb3 {[%clk 0:40:02]} Bxc6
{[%clk 0:56:19]} 31. Qxb4 {[%clk 0:40:05]} Qd7 {[%clk 0:47:49]} 32. a5
{[%clk 0:33:45]} d5 {[%clk 0:47:18]} 33. Rc1 {[%clk 0:21:48]} d4 {[%clk 0:31:49]}
34. Qc5 {[%clk 0:18:32]} Ba8 {[%clk 0:30:47]} 35. Bd2 {[%clk 0:17:53]} Nxe4
{[%clk 0:30:36]} 36. Nxe4 {[%clk 0:17:23]} Bxe4 {[%clk 0:31:01]} 37. Qc7
{[%clk 0:16:43]} Qe6 {[%clk 0:29:46]} 38. Ne1 {[%clk 0:15:56]} Ba8
{[%clk 0:28:01]} 39. Qb6 {[%clk 0:14:31]} Qa2 {[%clk 0:26:15]} 40. Rc2
{[%clk 0:14:18]} Qa4 {[%clk 0:25:20]} 41. Rc7 {[%clk 0:13:20]} Qa2
{[%clk 0:24:05]} 42. Rc2 {[%clk 0:13:47]} Qd5 {[%clk 0:22:15]} 43. Rc5
{[%clk 0:12:19]} Qe4 {[%clk 0:21:49]} 44. Qb5 {[%clk 0:12:20]} Re7
{[%clk 0:17:35]} 45. a6 {[%clk 0:12:04]} d3 {[%clk 0:12:15]} 46. Rc8
{[%clk 0:10:28]} Bd5 {[%clk 0:09:48]} 47. Qxd3 {[%clk 0:09:04]} Ra7
{[%clk 0:09:12]} 48. Qb5 {[%clk 0:08:36]} Be6 {[%clk 0:08:56]} 49. Rc5
{[%clk 0:01:41]} Qa8 {[%clk 0:07:56]} 50. Nd3 {[%clk 0:00:58]} Rxa6
{[%clk 0:05:11]} 51. Nxe5 {[%clk 0:01:26]} Ra1+ {[%clk 0:05:10]} 52. Kh2
{[%clk 0:01:12]} Qe4 {[%clk 0:03:23]} 53. Nf3 {[%clk 0:00:32]} Bf8
{[%clk 0:02:40]} 54. Rc1 {[%clk 0:00:38]} Bd6+ {[%clk 0:02:43]} 55. Kg1
{[%clk 0:01:00]} Rxc1+ {[%clk 0:02:21]} 56. Bxc1 {[%clk 0:01:30]} Bxh3
{[%clk 0:02:05]} 57. Qg5 {[%clk 0:01:03]} Bf8 {[%clk 0:01:16]} 58. Qf6
{[%clk 0:01:11]} Qf5 {[%clk 0:00:50]} 59. Qxf5 {[%clk 0:00:31]} Bxf5
{[%clk 0:01:14]} 60. Bb2 {[%clk 0:00:50]} g5 {[%clk 0:01:26]} 61. Ne5
{[%clk 0:00:47]} Be6 {[%clk 0:01:49]} 62. Nd3 {[%clk 0:00:47]} Bf5
{[%clk 0:01:38]} 63. Ne5 {[%clk 0:01:10]} f6 {[%clk 0:01:43]} 64. Nc4
{[%clk 0:01:31]} Kg6 {[%clk 0:02:01]} 65. Ne3 {[%clk 0:01:54]} Be6
{[%clk 0:02:16]} 66. Bd4 {[%clk 0:01:06]} f5 {[%clk 0:02:09]} 67. g3
{[%clk 0:01:25]} Bd6 {[%clk 0:02:28]} 68. Kg2 {[%clk 0:01:40]} Bc7
{[%clk 0:01:55]} 69. Bc5 {[%clk 0:00:42]} h5 {[%clk 0:02:14]} 70. f3
{[%clk 0:00:52]} Be5 {[%clk 0:02:24]} 71. Nf1 {[%clk 0:00:56]} Bd5
{[%clk 0:02:28]} 72. Kf2 {[%clk 0:00:57]} Bc6 {[%clk 0:02:40]} 73. Be3
{[%clk 0:01:20]} Bc7 {[%clk 0:02:38]} 74. Bd2 {[%clk 0:01:00]} g4
{[%clk 0:01:31]} 75. fxg4 {[%clk 0:01:24]} fxg4 {[%clk 0:01:27]} 76. Ne3
{[%clk 0:01:17]} Bb6 {[%clk 0:01:50]} 77. Kf1 {[%clk 0:01:26]} Kf6
{[%clk 0:01:48]} 78. Bc3+ {[%clk 0:01:16]} Ke6 {[%clk 0:02:12]} 79. Ke2
{[%clk 0:00:46]} Bb5+ {[%clk 0:02:32]} 80. Kf2 {[%clk 0:01:03]} Bd3
{[%clk 0:02:54]} 81. Bb2 {[%clk 0:00:53]} Kd6 {[%clk 0:03:02]} 82. Bf6
{[%clk 0:01:08]} Kc5 {[%clk 0:03:02]} 83. Bc3 {[%clk 0:01:25]} Kb5
{[%clk 0:03:08]} 84. Bf6 {[%clk 0:01:36]} Kb4 {[%clk 0:03:13]} 85. Be5
{[%clk 0:02:00]} Kb3 {[%clk 0:03:18]} 86. Bf6 {[%clk 0:02:22]} Ka2
{[%clk 0:03:28]} 87. Be5 {[%clk 0:02:47]} Ba5 {[%clk 0:01:36]} 88. Bd4
{[%clk 0:02:53]} Kb1 {[%clk 0:01:50]} 89. Nd5 {[%clk 0:02:12]} Bg6
{[%clk 0:00:57]} 90. Bc3 {[%clk 0:02:06]} Bxc3 {[%clk 0:00:51]} 91. Nxc3+
{[%clk 0:02:34]} Kc2 {[%clk 0:01:14]} 92. Nd5 {[%clk 0:03:01]} Kd2
{[%clk 0:01:39]} 93. Nf4 {[%clk 0:03:08]} Bf7 {[%clk 0:02:05]} 94. Ng2
{[%clk 0:03:06]} Kd3 {[%clk 0:02:28]} 95. Nf4+ {[%clk 0:03:13]} Ke4
{[%clk 0:02:52]} 96. Ng2 {[%clk 0:03:18]} Bd5 {[%clk 0:02:53]} 97. Nf4
{[%clk 0:03:31]} Bf7 {[%clk 0:03:00]} 98. Ng2 {[%clk 0:04:00]} Be8
{[%clk 0:03:24]} 99. Nh4 {[%clk 0:04:09]} Ke5 {[%clk 0:03:42]} 100. Ng2
{[%clk 0:04:31]} Bc6 {[%clk 0:04:09]} 101. Nf4 {[%clk 0:04:58]} h4
{[%clk 0:03:02]} 102. Nd3+ {[%clk 0:02:34]} Kf5 {[%clk 0:01:29]} 103. gxh4
{[%clk 0:02:58]} 1/2-1/2

[Event "Montcada"]
[Site "Montcada"]
[Date "2018.06.27"]
[Round "3.4"]
[White "Garcia Ramos, Daniel"]
[Black "Harsha, Bharathakoti"]
[Result "1-0"]
[BlackElo "2471"]
[WhiteElo "2354"]
[LiveChessVersion "1.4.8"]

1. e4 {[%clk 1:30:58]} c5 {[%clk 0:55:23]} 2. Nf3 {[%clk 1:31:21]} d6
{[%clk 0:55:42]} 3. d4 {[%clk 1:31:47]} cxd4 {[%clk 0:56:07]} 4. Nxd4
{[%clk 1:32:12]} Nf6 {[%clk 0:56:32]} 5. Nc3 {[%clk 1:32:35]} a6 {[%clk 0:56:40]}
6. f3 {[%clk 1:32:59]} e5 {[%clk 0:56:32]} 7. Nb3 {[%clk 1:33:24]} Be6
{[%clk 0:55:28]} 8. Be3 {[%clk 1:33:48]} h5 {[%clk 0:55:54]} 9. Qd2
{[%clk 1:33:06]} Nbd7 {[%clk 0:56:00]} 10. O-O-O {[%clk 1:32:06]} Rc8
{[%clk 0:55:47]} 11. Kb1 {[%clk 1:31:40]} Be7 {[%clk 0:55:36]} 12. Nd5
{[%clk 1:14:59]} Bxd5 {[%clk 0:40:00]} 13. exd5 {[%clk 1:15:09]} Nb6
{[%clk 0:39:39]} 14. Bxb6 {[%clk 0:42:45]} Qxb6 {[%clk 0:40:01]} 15. c4
{[%clk 0:41:30]} h4 {[%clk 0:26:50]} 16. Bd3 {[%clk 0:40:13]} Nh5
{[%clk 0:25:27]} 17. g3 {[%clk 0:37:46]} Kf8 {[%clk 0:12:43]} 18. Rde1
{[%clk 0:26:14]} Bf6 {[%clk 0:11:05]} 19. f4 {[%clk 0:25:58]} Re8
{[%clk 0:10:12]} 20. c5 {[%clk 0:16:47]} dxc5 {[%clk 0:09:47]} 21. Qf2
{[%clk 0:17:10]} Kg8 {[%clk 0:07:40]} 22. g4 {[%clk 0:17:16]} Qc7
{[%clk 0:04:33]} 23. gxh5 {[%clk 0:08:52]} c4 {[%clk 0:04:50]} 24. Qc2
{[%clk 0:08:59]} b5 {[%clk 0:03:48]} 25. Be4 {[%clk 0:08:51]} Rxh5
{[%clk 0:01:47]} 26. Bf3 {[%clk 0:08:26]} Rh6 {[%clk 0:01:18]} 27. Nd2
{[%clk 0:08:48]} Rd8 {[%clk 0:00:35]} 28. f5 {[%clk 0:08:02]} e4 {[%clk 0:00:33]}
29. Nxe4 {[%clk 0:08:07]} Be5 {[%clk 0:00:54]} 30. Nf2 {[%clk 0:04:52]} Rb6
{[%clk 0:00:51]} 31. Ng4 {[%clk 0:05:16]} Bf4 {[%clk 0:00:35]} 32. f6
{[%clk 0:04:33]} gxf6 {[%clk 0:00:36]} 33. Rhg1 {[%clk 0:04:17]} Kf8
{[%clk 0:00:35]} 34. Qh7 {[%clk 0:04:27]} Be5 {[%clk 0:00:37]} 35. Nh6
{[%clk 0:04:40]} Ke7 {[%clk 0:00:32]} 36. Rg7 {[%clk 0:03:15]} 1-0

[Event "Montcada"]
[Site "Montcada"]
[Date "2018.06.27"]
[Round "3.5"]
[White "Perpinya Rofes, Lluis Maria"]
[Black "Iniyan, P"]
[Result "0-1"]
[BlackElo "2460"]
[WhiteElo "2352"]
[LiveChessVersion "1.4.8"]

1. e4 {[%clk 1:30:02]} c5 {[%clk 1:30:33]} 2. Nf3 {[%clk 1:30:18]} d6
{[%clk 1:30:58]} 3. d4 {[%clk 1:30:33]} cxd4 {[%clk 1:31:22]} 4. Nxd4
{[%clk 1:30:59]} a6 {[%clk 1:31:43]} 5. c4 {[%clk 1:27:37]} Nf6 {[%clk 1:32:04]}
6. Nc3 {[%clk 1:27:44]} b6 {[%clk 1:31:48]} 7. Be2 {[%clk 1:16:58]} Bb7
{[%clk 1:32:10]} 8. O-O {[%clk 1:17:05]} Nxe4 {[%clk 1:19:36]} 9. Nxe4
{[%clk 1:13:46]} Bxe4 {[%clk 1:15:33]} 10. Bf3 {[%clk 1:04:51]} Bxf3
{[%clk 1:15:57]} 11. Qxf3 {[%clk 1:05:16]} Nd7 {[%clk 1:16:20]} 12. Re1
{[%clk 1:03:45]} Rc8 {[%clk 1:15:51]} 13. Bg5 {[%clk 0:54:32]} Ne5
{[%clk 1:05:22]} 14. Qb7 {[%clk 0:48:01]} h6 {[%clk 0:53:20]} 15. Bh4
{[%clk 0:37:20]} Qd7 {[%clk 0:48:00]} 16. Qxa6 {[%clk 0:31:29]} g5
{[%clk 0:48:23]} 17. Bg3 {[%clk 0:31:56]} Bg7 {[%clk 0:48:43]} 18. Bxe5
{[%clk 0:25:05]} Bxe5 {[%clk 0:46:36]} 19. Qxb6 {[%clk 0:17:57]} O-O
{[%clk 0:46:59]} 20. Rxe5 {[%clk 0:09:08]} dxe5 {[%clk 0:47:23]} 21. Qxh6
{[%clk 0:09:28]} Qg4 {[%clk 0:46:42]} 22. Nf3 {[%clk 0:07:36]} Qf5
{[%clk 0:47:05]} 23. b3 {[%clk 0:03:45]} f6 {[%clk 0:46:51]} 24. Qh5
{[%clk 0:03:05]} Kg7 {[%clk 0:46:04]} 25. h3 {[%clk 0:02:42]} Rfd8
{[%clk 0:40:07]} 26. Re1 {[%clk 0:01:46]} Ra8 {[%clk 0:39:47]} 27. a4
{[%clk 0:00:36]} Rd3 {[%clk 0:39:39]} 28. c5 {[%clk 0:00:34]} Rh8
{[%clk 0:38:01]} 29. Qg4 {[%clk 0:00:36]} Qxg4 {[%clk 0:38:22]} 30. hxg4
{[%clk 0:01:02]} Rb8 {[%clk 0:38:34]} 31. Rc1 {[%clk 0:00:43]} Rbxb3
{[%clk 0:38:56]} 32. Rc4 {[%clk 0:00:47]} Rbc3 {[%clk 0:38:57]} 33. Nd2
{[%clk 0:00:34]} Rxc4 {[%clk 0:39:18]} 34. Nxc4 {[%clk 0:00:57]} Rc3
{[%clk 0:39:42]} 0-1

[Event "Montcada"]
[Site "Montcada"]
[Date "2018.06.27"]
[Round "3.6"]
[White "Akash Pc, Iyer"]
[Black "Perales Galindo, Eduard"]
[Result "1-0"]
[BlackElo "2164"]
[WhiteElo "2435"]
[LiveChessVersion "1.4.8"]

1. d4 {[%clk 1:30:55]} Nf6 {[%clk 1:30:54]} 2. c4 {[%clk 1:30:31]} g6
{[%clk 1:31:17]} 3. f3 {[%clk 1:30:29]} Bg7 {[%clk 1:30:32]} 4. e4
{[%clk 1:30:53]} d6 {[%clk 1:30:54]} 5. Ne2 {[%clk 1:31:18]} a6 {[%clk 1:29:36]}
6. Nec3 {[%clk 1:30:40]} c6 {[%clk 1:28:36]} 7. Be3 {[%clk 1:30:45]} b5
{[%clk 1:22:41]} 8. Nd2 {[%clk 1:30:50]} Nfd7 {[%clk 1:08:35]} 9. Nb3
{[%clk 1:27:50]} Nb6 {[%clk 0:49:09]} 10. Nd2 {[%clk 1:16:21]} e5
{[%clk 0:30:39]} 11. d5 {[%clk 1:16:06]} b4 {[%clk 0:30:02]} 12. Na4
{[%clk 1:10:25]} c5 {[%clk 0:29:11]} 13. a3 {[%clk 1:09:48]} Nxa4
{[%clk 0:27:35]} 14. Qxa4+ {[%clk 1:10:11]} Bd7 {[%clk 0:27:59]} 15. Qb3
{[%clk 1:09:49]} Qa5 {[%clk 0:19:41]} 16. Be2 {[%clk 1:09:32]} O-O
{[%clk 0:16:21]} 17. O-O {[%clk 1:09:10]} Rc8 {[%clk 0:16:38]} 18. axb4
{[%clk 1:07:05]} Qxb4 {[%clk 0:17:03]} 19. Qxb4 {[%clk 1:07:27]} cxb4
{[%clk 0:17:32]} 20. Nb3 {[%clk 1:07:47]} Be8 {[%clk 0:11:35]} 21. Ra5
{[%clk 1:04:29]} Bf8 {[%clk 0:11:05]} 22. Rfa1 {[%clk 1:04:47]} Be7
{[%clk 0:09:45]} 23. c5 {[%clk 1:03:10]} dxc5 {[%clk 0:10:12]} 24. Bc4
{[%clk 1:00:21]} Kg7 {[%clk 0:03:59]} 25. Nc1 {[%clk 1:00:25]} Bd8
{[%clk 0:03:47]} 26. Rxc5 {[%clk 1:00:20]} Nd7 {[%clk 0:02:02]} 27. Rxc8
{[%clk 0:59:58]} Rxc8 {[%clk 0:02:31]} 28. Bxa6 {[%clk 0:58:57]} Rc2
{[%clk 0:02:13]} 29. Nd3 {[%clk 0:54:38]} Nb8 {[%clk 0:01:24]} 30. Bb7
{[%clk 0:48:46]} Bb5 {[%clk 0:01:46]} 31. Nxb4 {[%clk 0:49:13]} Rxb2
{[%clk 0:02:06]} 32. Nc6 {[%clk 0:49:36]} Nxc6 {[%clk 0:01:31]} 33. Bxc6
{[%clk 0:48:41]} Bxc6 {[%clk 0:01:10]} 34. dxc6 {[%clk 0:49:09]} Rc2
{[%clk 0:01:39]} 35. Rc1 {[%clk 0:48:45]} Rxc1+ {[%clk 0:01:54]} 36. Bxc1
{[%clk 0:49:14]} Kf6 37. Ba3 {[%clk 0:49:33]} Bb6+ {[%clk 0:00:38]} 38. Kf1
{[%clk 0:49:56]} Ke6 {[%clk 0:01:07]} 39. Ke2 {[%clk 0:50:18]} Bc7
{[%clk 0:00:36]} 40. Kd3 {[%clk 0:50:39]} Bd6 {[%clk 0:01:02]} 41. Bb2
{[%clk 0:51:02]} Bc5 {[%clk 0:00:42]} 42. Kc4 {[%clk 0:51:30]} Bg1
{[%clk 0:01:07]} 43. h3 {[%clk 0:51:17]} f6 {[%clk 0:01:03]} 44. Ba3
{[%clk 0:51:41]} f5 {[%clk 0:00:36]} 45. Bc5 {[%clk 0:52:04]} 1-0

[Event "Montcada"]
[Site "Montcada"]
[Date "2018.06.27"]
[Round "3.7"]
[White "Peralta, Fernando"]
[Black "Kathmale, Sameer"]
[Result "1-0"]
[BlackElo "2334"]
[WhiteElo "2567"]
[LiveChessVersion "1.4.8"]

1. d4 {[%clk 1:29:46]} Nf6 {[%clk 1:30:36]} 2. c4 {[%clk 1:30:04]} g6
{[%clk 1:31:02]} 3. Nc3 {[%clk 1:30:07]} Bg7 {[%clk 1:31:24]} 4. e4
{[%clk 1:30:19]} d6 {[%clk 1:31:48]} 5. Nf3 {[%clk 1:30:26]} O-O {[%clk 1:31:55]}
6. h3 {[%clk 1:30:51]} e5 {[%clk 1:31:08]} 7. d5 {[%clk 1:31:16]} Nh5
{[%clk 1:31:02]} 8. g3 {[%clk 1:31:33]} Na6 {[%clk 1:31:12]} 9. Be3
{[%clk 1:30:44]} f5 {[%clk 1:29:42]} 10. exf5 {[%clk 1:31:06]} gxf5
{[%clk 1:30:00]} 11. Ng5 {[%clk 1:31:32]} Qe8 {[%clk 1:30:07]} 12. Be2
{[%clk 1:31:41]} Nf6 {[%clk 1:30:29]} 13. Qd2 {[%clk 1:31:23]} Nc5
{[%clk 1:30:32]} 14. O-O-O {[%clk 1:30:53]} h6 {[%clk 1:30:17]} 15. Nf3
{[%clk 1:31:02]} Nce4 {[%clk 1:30:23]} 16. Nxe4 {[%clk 1:31:03]} Nxe4
{[%clk 1:30:26]} 17. Qc2 {[%clk 1:31:23]} c6 {[%clk 1:30:40]} 18. g4
{[%clk 1:28:53]} cxd5 {[%clk 1:23:22]} 19. Rxd5 {[%clk 1:29:17]} Be6
{[%clk 1:22:44]} 20. Rdd1 {[%clk 1:29:29]} d5 {[%clk 1:18:45]} 21. gxf5
{[%clk 1:24:06]} Bxf5 {[%clk 1:12:15]} 22. Nh4 {[%clk 1:20:46]} Bh7
{[%clk 1:01:16]} 23. Rhg1 {[%clk 1:21:01]} Ng5 {[%clk 0:36:20]} 24. Qb3
{[%clk 1:00:06]} dxc4 {[%clk 0:31:38]} 25. Bxc4+ {[%clk 0:58:23]} Kh8
{[%clk 0:31:52]} 26. Bd3 {[%clk 0:57:45]} Qf7 {[%clk 0:22:25]} 27. Qxf7
{[%clk 0:40:48]} Rxf7 {[%clk 0:22:42]} 28. Ng6+ {[%clk 0:41:08]} Bxg6
{[%clk 0:19:46]} 29. Bxg6 {[%clk 0:41:33]} Rf6 {[%clk 0:15:51]} 30. h4
{[%clk 0:40:39]} Nh3 {[%clk 0:06:50]} 31. Rg2 {[%clk 0:34:41]} Nf4
{[%clk 0:05:23]} 32. Bxf4 {[%clk 0:35:05]} exf4 {[%clk 0:04:40]} 33. f3
{[%clk 0:34:16]} Rc6+ {[%clk 0:04:29]} 34. Kb1 {[%clk 0:33:15]} Rac8
{[%clk 0:01:59]} 35. Bf5 {[%clk 0:33:04]} Re8 {[%clk 0:01:58]} 36. Be4
{[%clk 0:26:21]} Rc7 {[%clk 0:02:12]} 37. Rg6 {[%clk 0:26:21]} Kg8
{[%clk 0:01:59]} 38. a3 {[%clk 0:25:17]} Kh8 {[%clk 0:01:29]} 39. Rd5
{[%clk 0:23:54]} Rf8 {[%clk 0:01:26]} 40. Rgd6 {[%clk 0:22:17]} b6
{[%clk 0:01:36]} 41. Rd7 {[%clk 0:19:18]} Rxd7 {[%clk 0:01:17]} 42. Rxd7
{[%clk 0:19:46]} a5 {[%clk 0:01:47]} 43. Rb7 {[%clk 0:18:10]} Rf6
{[%clk 0:01:28]} 44. Kc2 {[%clk 0:16:43]} Kg8 {[%clk 0:01:51]} 45. Bd5+
{[%clk 0:16:43]} Kf8 {[%clk 0:01:21]} 46. Kd3 {[%clk 0:12:51]} Rg6
{[%clk 0:00:55]} 47. b3 {[%clk 0:11:15]} Bb2 {[%clk 0:00:50]} 48. a4
{[%clk 0:07:31]} Rf6 {[%clk 0:01:03]} 49. Ke4 {[%clk 0:07:42]} Ke8
{[%clk 0:01:17]} 50. h5 {[%clk 0:07:49]} Kd8 {[%clk 0:01:02]} 51. Rh7
{[%clk 0:07:31]} Bc1 {[%clk 0:00:50]} 52. Bf7 {[%clk 0:07:27]} Ba3
{[%clk 0:00:46]} 53. Bg6 {[%clk 0:07:21]} Rc6 {[%clk 0:00:41]} 54. Rxh6
{[%clk 0:07:10]} Ke7 {[%clk 0:00:40]} 55. Rh7+ {[%clk 0:06:58]} Kf6
{[%clk 0:01:07]} 56. Rf7+ {[%clk 0:06:46]} Kg5 {[%clk 0:01:36]} 57. Rf5+
{[%clk 0:07:06]} Kh6 {[%clk 0:01:59]} 58. Kxf4 {[%clk 0:06:18]} Bc1+
{[%clk 0:01:53]} 59. Kg4 {[%clk 0:06:02]} Be3 {[%clk 0:01:16]} 60. Rf7
{[%clk 0:05:52]} Rxg6+ {[%clk 0:00:47]} 61. hxg6 {[%clk 0:06:19]} Kxg6
{[%clk 0:01:10]} 62. Re7 {[%clk 0:06:21]} 1-0

[Event "Montcada"]
[Site "Montcada"]
[Date "2018.06.27"]
[Round "3.8"]
[White "Kulkarni, Chinmay"]
[Black "Asis Gargatagli, Hipolito"]
[Result "1/2-1/2"]
[BlackElo "2537"]
[WhiteElo "2281"]
[LiveChessVersion "1.4.8"]

1. e4 c5 2. Nf3 d6 3. d4 cxd4 4. Nxd4 Nf6 5. Nc3 a6 6. h4 e5 7. Nb3 Be6 8. f4 b5
9. f5 Bd7 10. Bg5 Bc6 11. Qe2 Nbd7 12. O-O-O Be7 13. Bxf6 Nxf6 14. g4 h6 15. Nd5
Bxd5 16. exd5 Rc8 17. Qf3 Nd7 18. Qg3 Nb6 19. Kb1 Nc4 20. Nd2 Nxd2+ 21. Rxd2 Qa5
22. Rd1 Qa4 23. Qb3 Qxb3 1/2-1/2

[Event "Montcada"]
[Site "Montcada"]
[Date "2018.06.27"]
[Round "3.9"]
[White "Cuartas, Jaime Alexander"]
[Black "Ayats Llobera, Gerard"]
[Result "1/2-1/2"]
[BlackElo "2374"]
[WhiteElo "2508"]
[LiveChessVersion "1.4.8"]

1. e4 {[%clk 1:30:35]} e6 {[%clk 1:30:43]} 2. d4 {[%clk 1:30:47]} d5
{[%clk 1:31:09]} 3. Nc3 {[%clk 1:30:40]} Nf6 {[%clk 1:31:34]} 4. Bg5
{[%clk 1:31:04]} dxe4 {[%clk 1:31:59]} 5. Nxe4 {[%clk 1:31:26]} Be7
{[%clk 1:32:27]} 6. Bxf6 {[%clk 1:31:42]} gxf6 {[%clk 1:32:54]} 7. Nf3
{[%clk 1:31:55]} f5 {[%clk 1:32:52]} 8. Nc3 {[%clk 1:32:14]} a6 {[%clk 1:33:10]}
9. d5 {[%clk 1:30:49]} c6 {[%clk 1:32:56]} 10. dxe6 {[%clk 1:30:53]} Qxd1+
{[%clk 1:33:14]} 11. Rxd1 {[%clk 1:31:09]} Bxe6 {[%clk 1:33:39]} 12. Bd3
{[%clk 1:31:24]} Bf6 {[%clk 1:30:19]} 13. O-O {[%clk 1:29:04]} Nd7
{[%clk 1:22:17]} 14. Rfe1 {[%clk 1:10:43]} O-O-O {[%clk 1:20:47]} 15. a3
{[%clk 1:10:18]} Kc7 {[%clk 1:01:36]} 1/2-1/2